Interviews : An introduction to qualitative reasarch intervieing / (Record no. 167065)
[ view plain ]
| 000 -LEADER | |
|---|---|
| fixed length control field | 00776nam a2200241 a 4500 |
| 008 - FIXED-LENGTH DATA ELEMENTS--GENERAL INFORMATION | |
| fixed length control field | |
| 020 ## - INTERNATIONAL STANDARD BOOK NUMBER | |
| International Standard Book Number | 0-8039-5820-X (pbk.) |
| 049 ## - LOCAL HOLDINGS (OCLC) | |
| Holding library | MAIN |
| 090 ## - LOCALLY ASSIGNED LC-TYPE CALL NUMBER (OCLC); LOCAL CALL NUMBER (RLIN) | |
| Classification number (OCLC) (R) ; Classification number, CALL (RLIN) (NR) | HM48.K9 |
| Local cutter number (OCLC) ; Book number/undivided call number, CALL (RLIN) | KVA |
| 003 - CONTROL NUMBER IDENTIFIER | |
| control field | |
| 005 - DATE AND TIME OF LATEST TRANSACTION | |
| control field | 20230123134513.0 |
| 040 ## - CATALOGING SOURCE | |
| Transcribing agency | NUST |
| 100 1# - MAIN ENTRY--PERSONAL NAME | |
| Personal name | Kvale, Steinar. |
| 245 10 - TITLE STATEMENT | |
| Title | Interviews : An introduction to qualitative reasarch intervieing / |
| Statement of responsibility, etc. | Steinar Kvale. |
| 246 ## - VARYING FORM OF TITLE | |
| Title proper/short title | An introduction to qualitative research interviewing. |
| 260 ## - PUBLICATION, DISTRIBUTION, ETC. | |
| Place of publication, distribution, etc. | London, : |
| Name of publisher, distributor, etc. | Sage Publications, |
| Date of publication, distribution, etc. | 1996. |
| 300 ## - PHYSICAL DESCRIPTION | |
| Extent | xvii, 326 p. : |
| Other physical details | ill . ; |
| Dimensions | 24 cm. |
| 500 ## - GENERAL NOTE | |
| General note | Includes bibliographical references. |
| 500 ## - GENERAL NOTE | |
| General note | Includes index. |
| 650 ## - SUBJECT ADDED ENTRY--TOPICAL TERM | |
| Topical term or geographic name entry element | Qualitative research. |
| 907 ## - LOCAL DATA ELEMENT G, LDG (RLIN) | |
| a | .b10251765 |
| b | 12-11-13 |
| c | 21-09-07 |
| 942 ## - ADDED ENTRY ELEMENTS (KOHA) | |
| Koha item type | Ordinary Loan Books |
| Call number prefix | HM48.K9 |
| Call number suffix | KVA |
No items available.